Firebending Quiz - Statistics

General Stats
  • This quiz has been taken 6 times
  • The average score is 21 of 25
Answer Stats
Hint Answer % Correct
What is the term for a formal duel between two firebenders? Agni Kai
100%
What event did Team Avatar's forces coordinate around for their attack on the Fire Nation, during which firebenders lose the ability to bend? A Solar Eclipse
100%
Who was the most recent Avatar from the Fire Nation, who preceded Avatar Aang in the reincarnation cycle? Avatar Roku
100%
Daughter of the above, whose firebending was blue? Azula
100%
Who were the original firebenders? Dragons
100%
Firebenders are native to the... Fire Nation
100%
Who was known as "The Dragon of the West"? Iroh
100%
Daughter of the above who is the current Fire Lord? Izumi
100%
A powerful ability that only some firebenders possess. It was described by Iroh as the separation and recombination of positive and negative energy. Lightning Generation
100%
Younger son of the above, who was Fire Lord during the events of Avatar: The Last Airbender? Ozai
100%
Which season is most closely associated with firebending (during which firebending is at its strongest)? Summer
100%
What did firebenders do to Sokka and Katara's mother? They Killed Her
100%
The Fire Nation has many of what kind of landforms, which created its many islands? Volcanoes
100%
Iroh invented a firebending move to 'redirect' the above ability by studying the movements of which other kind of bending? Waterbending
100%
Brother of the above, who taught firebending to Avatar Aang and later became Fire Lord? Zuko
100%
His son's name? Azulon
67%
What name did Team Avatar give to the firebender assassin who possessed the very rare ability to create explosions with his mind? Combustion Man
67%
Firebenders have stronger bending during the ____, because they draw power from the Sun. Day
67%
One of those islands home to a beach resort featured in several episodes? Ember Island
67%
What is the title of the ruler of the Fire Nation? Fire Lord
67%
Finish the quote from Iroh: "Fire is the element of..." Power
67%
What were the names of the last two dragons, who revealed the secret of firebending to Avatar Aang and Zuko? Ran and Shaw
67%
What was the name of one of the above rulers who started the 100 years war? Sozin
67%
What was the name of the ancient civilization that protected the last two dragons? The Sun Warriors
67%
What, according to Avatar Aang, was a common form of address in the Fire Nation before the 100 Year War Hotman
33%
No matching quizzes found
Score Distribution
Percent of People with Each Score
Percentile by Number Answered
Your Score History
You have not taken this quiz